1028 1296 1982 1360 1328 1014 1864 1341 1584 1648 1919 1156 1705 1869 1695 1806 1418 1811 1013 1020 1008 1399 1101 1211 1640 1874 1196 1404 1079 1319 1611 1498 1227 1429 1479 1582 1485 1360 1721 1270 1429 1920 1174 1526 1596 1028 1970 1236 1835 1437 1114 1801 1999 1184 1731 1080 1600 1785 1323 1028 1156 1125 1583 1323 1026 1730 1778 1740 1690 1495 1379 1581 1575 1753 1677 1817 1839 1959 1304 1839 1040 1471 1098 1594 1134 1209 1665 1492 1155 1137 1027 1664 1897 1287 1904 1531 1694 1763 1213 BCNSPRNW ULIB Ver.6.0+V

เปลี่ยนเป็นภาษาไทย

Change to English
 แสดงรายละเอียดบรรณานุกรม
  กลับหน้าหลัก

Brief Record : Get Marc (ISO 2709) : E-mail record : QR code < ปิดหน้าต่าง
LEADER : 00000nam 2200000uu 4500
001    13399111495
003     ULIB
008    110628s2551||||th 000 0 tha d
020    9789741013548
050  4 BQ4570^bด951ก 2551
100 0  แดน โคมธรรม
245 10 กรรม : กฎตายไม่มีเปลี่ยน/^cแดน โคมธรรม
260    กรุงเทพฯ :^bประกาย,^c 2551
300    192 หน้า ^bภาพประกอบ
650  7 กรรม
945    ^p150^l0^i027540
995    ทศพร
999 ^a ใช้งานได้ทุกระบบ
รายการนี้ยังไม่มีแท็ก
คุณยังไม่ได้ล็อกอิน คุณสามารถมีกิจกรรมร่วมกับเว็บไซต์ได้ แต่ต้องล็อกอินก่อน ::
  ล็อกอิน

รายการสื่อสารสนเทศ

ลำดับที่ ประเภท เลขเรียก/บาร์โค้ด สถานที่ สถานะ
- ไม่พบข้อมูล -

รายการใกล้เคียง
    หัวเรื่อง [กรรม]

BibComment


ยังไม่เคยถูกคอมเมนท์

คอมเมนท์ทรัพยากรรายการนี้
  คอมเมนท์: กรรม กฎตายไม่มีเ..


 Copyright 2026. Bcnsprnw @Library